| 000 | 00521nam a2200193Ia 4500 | ||
|---|---|---|---|
| 008 | 170203s9999 xx 000 0 und d | ||
| 050 | _a0 50 | ||
| 050 | _b.In61 1997 | ||
| 245 | _aCollier's International year book 1997 : | ||
| 245 | _bcovering the year 1996 / | ||
| 260 | _aNew York : | ||
| 260 | _bCrowell-Collier Pub. Co. | ||
| 260 | _c1997 | ||
| 300 | _a123 pages : | ||
| 300 | _billustrations, some colored : | ||
| 300 | _c28 cm. | ||
| 650 | _aHistory, Modern--20th century-- | ||
| 650 | _xPeriodicals. | ||
| 999 |
_c305752 _d305752 |
||